| 000 | 00936 a2200169 4500 | ||
|---|---|---|---|
| 003 | Nust | ||
| 005 | 20221228122056.0 | ||
| 040 | _cNust | ||
| 082 | _a621.395,MIT | ||
| 100 |
_aMITEL _9104254 |
||
| 245 | _aMicroelectronics Line Interface Circuit handbook / | ||
| 260 |
_bMitel _c1994 _aU.K |
||
| 300 | _avarious paging, | ||
| 505 | _aIntroduction (Page-1-1), Digital Switches (Page-2-1), Primary Rate Interfaces (Page-3-1), Basic Rate Interfaces (Page-4-1), Codecs and Digital Phone Components (Page-5-1), Timing and Control Products (Page-6-1), Analog Switches (Page-7-1), DTMF and Signaling Components (Page-8-1), Line and Trunk Interfaces (Page-9-1), Custom Hybrids (Page-10-1), Custom Wafer Fabrication Services (Page-11-1), Application Notes (Page-12-1), Glossary of Telecommunications Terms (Page-13-1), General Information (Page-14-1). | ||
| 650 |
_aMicroelectronics Line Interface Circuit handbook _9106192 |
||
| 942 |
_2ddc _cBK |
||
| 999 |
_c189161 _d189161 |
||